00350pab a2200121 454500008004000000100002500040245007500065260000900140300001300149362001100162650002100173773003400194180718b2009 xxu||||| |||| 00| 0 eng d aJohn, Mary E. et al. aDispensing with daughters: technology, society, economy in North India c2009 ap.16-19. a11 Apr aSex distribution aEconomic and Political Weekly